| 000 | 01299cam a2200313 4500 | ||
|---|---|---|---|
| 001 | |||
| 008 | 000000n2000 000 0 eng u | ||
| 020 | _a1860814336 | ||
| 035 | _a(Sirsi) u108873 | ||
| 050 | _a624.15 | ||
| 100 | _aDriscoll, R.M.C. | ||
| 110 | _aBuilding Research Establishment | ||
| 245 | _aSubsidence damage to domestic buildings : lessons learned and questions remaining. | ||
| 260 |
_aLondon _bCRC Ltd _c2000 |
||
| 300 | _av, 25p. ; 30cm. | ||
| 350 | _a40.00 | ||
| 490 |
_aFBE Report _v1 |
||
| 520 | _aThis report reviews current information on the many components of the problem of subsidence damage. It's focus is to point the way to the best advice on dealing with a case and to indicate best practice in the design of new buildings where subsidence could be a problem. The report examines elements that affect a typical subsidence or heave case and then considers how matters might be improved | ||
| 650 | _aSUBSIDENCE | ||
| 650 | _aINSURANCE CLAIMS | ||
| 650 | _aCRACKING | ||
| 650 | _aTREE ROOT DAMAGE | ||
| 650 | _aBUILT ENVIRONMENT-BUILDING ELEMENTS-COMPLETE BUILDING ELEMENTS-FOUNDATIONS | ||
| 650 | _aSOIL | ||
| 650 | _aTREE ROOT SUBSIDENCE | ||
| 690 | _aBUILDING AND CONSTRUCTION-DEFECTS AND FAILURES | ||
| 700 | _aCrilly, M.S. | ||
| 942 | _n0 | ||
| 999 |
_c100867 _d100867 |
||